Tunnista kuvasta maa - Statistics

Yleistilastot
  • Tätä visaa on pelattu 183 kertaa
  • Keskiarvotulos 14 / 16
Vastaustilastot
Kuvavisa Vastaus % Oikein
Suomi
99%
Egypti
98%
Tanska
97%
Kanada
95%
Ranska
94%
Ranska
94%
Australia
92%
Israel
90%
Irlanti
89%
Kreikka
89%
Belgia
85%
Puola
83%
Meksiko
81%
Ruotsi
81%
Islanti
69%
Ukraina
60%
Ehtoja vastaavia visoja ei löytynyt
Tulosjakauma
Jokaisen tuloksen saaneiden osuus
Persentiili vastausten määrän mukaan
Tuloshistoriasi
Et ole pelannut tätä visaa